000 00569nam a2200181Ia 4500
008 100917s9999 xx 000 0 und d
082 _b22839
100 _aकवठेकर दत्त रघुनाथ
245 _aआभाळाची सावली
260 _bकुलकर्णी ग्रंथालय
_c1960
300 _a396
365 _b12
520 _aकादंबरी
630 _aआभाळाची सावली
650 _aकादंबरी
730 _aआभाळाची सावली
942 _cBOOK
999 _c628233
_d628230